000 00609cam a22001697a 4500
008 180718b2010 xxu||||| |||| 00| 0 eng d
020 _a813160330X
082 _aB253x54 An14
245 _aQuest for participatory democracy: towards understanding the approach of Gandhi and Jayaprakah Narayan
_cedited by Anand Kumar and Manish Tiwari
260 _aJaipur
_bRawat
_c2010
300 _a425p.
650 _aGandhi, Mohan Das Karamchand -Criticism and interpretation
650 _aNarain, Jai Prakash -Criticism and interpretation
650 _aDemocracy
700 _aTiwari, Manish
700 _aAnand Kumar
999 _c442592
_d442592